| 000 | 00604nam a22001577a 4500 | ||
|---|---|---|---|
| 999 |
_c534977 _d534977 |
||
| 020 | _qHard Cover. | ||
| 082 | _a620.0011 | ||
| 100 | _aAnwar, Mustafa | ||
| 245 |
_aDevelopment of samarium doped ceria (SDC) and SDC-based composite electrolyte for application in intermediate temperature solid oxide fuel cells (SOFCs) / _cMustafa Anwar. |
||
| 260 |
_aIslamabad: _bUSPCASE NUST, _c2014. |
||
| 300 |
_a116 p. : _bill. ; _c30cm. |
||
| 942 |
_2ddc _cTHE |
||
| 650 |
_aEnergy System Engineering MS-Thesis. _928868 |
||
| 700 |
_aDr. Zuhair S. Khan _928871 |
||